000 00650nam a2200157Ia 4500
008 151213s9999 xx 000 0 und d
020 _a984-07-2508-4
100 _aআব্দুল মান্নান সৈয়দ।
245 _aআবু হেনা মোস্তফা কামাল স্মারক গ্রন্থ।
_cআব্দুল মান্নান সৈয়দ।
260 _aঢাকা
_bবাংল্ াএকাডেমী।
_c1991
300 _a8429 p.
650 _aBangla
650 _aBengali Literature
700 _aআব্দুল মান্নান সৈয়দ।
999 _c4267
_d4267